000 00300nam a22001337a 4500
008 170526b xxu||||| |||| 00| 0 eng d
020 _a082477728X
041 _aeng
080 _a621.3
100 _a25
101 _aIM
245 _aSOLID-STATE AC MOTOR CONTROLS
_cCAMPBELL, S.J
942 _2udc
_cBK
999 _c14382
_d14382